000 00614cam a2200145 4500500
005 20260111094732.0
041 _afre
042 _adc
100 1 0 _aMenant, François
_eauthor
245 0 0 _aMichel Lauwers (dir.), La Dîme, l’Église et la société féodale, Turnhout, Brepols, coll. d’études médiévales de Nice, vol. 12, 2012, 633 p., 65 €
260 _c2014.
500 _a1
786 0 _nHistoire & Sociétés Rurales | 41 | 1 | 2014-07-01 | p. 195e-208e | 1254-728X
856 4 1 _uhttps://shs.cairn.info/revue-histoire-et-societes-rurales-2014-1-page-195e?lang=fr&redirect-ssocas=7080
999 _c1629128
_d1629128